000 00314nam a22001337a 4500
008 180924b xxu||||| |||| 00| 0 eng d
020 _a9781405131667
041 _aeng
080 _a573
100 _a11
101 _aBIO
245 _aGenes, Culture, and Human Evolution a Synthesis
_cStone,L
942 _2udc
_cBK
999 _c48314
_d48314